Szczegóły MARC21

Podręcznik prawa kanonicznego. 2 /

003 -Nazwa inst., której nr kontr. jest w polu 001 [,]
    • @
    • Nazwa instytucji, której n kontrolny jest w polu 001
    • NUKAT
005 -DATA I CZAS OSTATNIEJ MODYFIKACJI [,]
    • @
    • pole kontrolne
    • 20241231091333.0
040 -Instytucja sporządzająca opis [ , ]
    • a
    • Instytucja, która sporządziła opis (NP)
    • KR U/16ZL
    • c
    • Instytucja, która sporządziła rekord (NP)
    • KR U/16ZL
    • d
    • Instytucja, która zmodyfikowała rekord (P)
    • KR U/16ZL
    • d
    • Instytucja, która zmodyfikowała rekord (P)
    • WA 392/MD
041 -Język dokumentu [0, ]
    • a
    • Język tekstu (P)
    • polski
    • a
    • Język tekstu (P)
    • łaciński
942 -Rodzaj dokumentu [ , ]
    • c
    • Rodzaj dokumentu
    • Książka
100 -Hasło główne - nazwa osobowa [1, ]
    • a
    • Nazwa osobowa (NP)
    • Sztafrowski, Edward
    • d
    • Daty biograficzne (NP)
    • (1929-1992).
    • 9
    • KHW
    • 12692
245 -Strefa tytułu i oznaczenia odpowiedzialności [1,0]
    • a
    • Tytuł
    • Podręcznik prawa kanonicznego. Find
    • n
    • Oznaczenie części (P)
    • 2 /
    • c
    • Pozostałe elementy strefy tytułu i oznaczenia odpowiedzialności (NP)
    • Edward Sztafrowski.
260 -Strefa adresu wydawniczego [ , ]
    • a
    • Miejsce wydania (P)
    • Warszawa :
    • b
    • Nazwa wydawcy (P)
    • Akademia Teologii Katolickiej,
    • c
    • Data wydania (P)
    • 1985.
300 -Strefa opisu fizycznego [ , ]
    • a
    • Określenie formy książki i/lub objętość (NP)
    • 304 s. ;
    • c
    • Format (NP)
    • 24 cm.
336 -Typ zawartości [ , ]
    • a
    • Termin opisujący typ zawartości
    • Tekst
    • b
    • Kod określający zawartość
    • txt
    • 2
    • Źródło (terminu i kodu)
    • rdacontent
337 -Typ mediów [ , ]
    • a
    • Tryb odtwarzania
    • Bez urządzenia pośredniczącego
    • b
    • Kod typu mediów
    • n
    • 2
    • Źródło (terminu i kodu)
    • rdamedia
338 -Typ/rodzaj nośnika [ , ]
    • a
    • Hasło opisujące typ nośnika
    • Wolumin
    • b
    • Kod typu nośnika
    • nc
    • 2
    • Źródło (terminu i kodu)
    • rdacarrier
546 -Uwaga dot. języka [ , ]
    • a
    • Uwaga dot. języka
    • Załącznik łac. i pol.; spis treści także łac.
080 -Uniwersalna Klasyfikacja Dziesiętna [ , ]
    • 2
    • Identyfikator wydania tablic
    • UDC-P058
    • 9
    • UKD
    • 2679
    • a
    • Symbol klasyfikacji
    • 272-74
    • b
    • Dopowiedzenie
    • Prawo kanoniczne Kościoła katolickiego.
    • 4
    • UKD2
    • 7665
    • x
    • Poddział wspólny
    • (075.8)
    • c
    • Dopowiedzenie poddz. wspólnego
    • (Podręczniki dla szkół wyższych. Skrypty).
650 -Hasło przedmiotowe [ ,7]
    • a
    • Hasło przedmiotowe
    • Prawo kanoniczne
    • v
    • Określnik formalny
    • podręczniki.
    • 2
    • Źródło terminu
    • kaba
    • 9
    • KHW
    • 678205
650 -Hasło przedmiotowe [ ,7]
    • a
    • Hasło przedmiotowe
    • Synody i zjazdy kościelne
    • x
    • Określnik rzeczowy
    • historia.
    • 2
    • Źródło terminu
    • kaba
    • 9
    • KHW
    • 678209
650 -Hasło przedmiotowe [ ,7]
    • a
    • Hasło przedmiotowe
    • Kardynałowie
    • y
    • Określnik chronologiczny
    • 20 w.
    • 2
    • Źródło terminu
    • kaba
    • 9
    • KHW
    • 678210
650 -Hasło przedmiotowe [ ,7]
    • a
    • Hasło przedmiotowe
    • Legaci papiescy.
    • 2
    • Źródło terminu
    • kaba
    • 9
    • KHW
    • 166548
650 -Hasło przedmiotowe [ ,7]
    • a
    • Hasło przedmiotowe
    • Instytuty świeckie (prawo kanoniczne).
    • 2
    • Źródło terminu
    • kaba
    • 9
    • KHW
    • 225878
650 -Hasło przedmiotowe [ ,7]
    • a
    • Hasło przedmiotowe
    • Monastycyzm i zakony chrześcijańskie.
    • 2
    • Źródło terminu
    • kaba
    • 9
    • KHW
    • 119817
650 -Hasło przedmiotowe [ ,7]
    • a
    • Hasło przedmiotowe
    • Stowarzyszenia życia apostolskiego.
    • 2
    • Źródło terminu
    • kaba
    • 9
    • KHW
    • 131300
980 -Symbol UKD [ , ]
    • a
    • UKD
    • 272-74(075.8)
710 -Hasło dodatkowe - nazwa ciała zbiorowego [2, ]
    • a
    • Nazwa ciała zbiorowego lub nazwa geograficzna jako pierwszy element (NP)
    • Akademia Teologii Katolickiej.
    • 4
    • Kod relacji
    • pbl
    • 9
    • KHW
    • 60421
Status udost. Numer inwentarzowy Sygnatura Data inwentaryzacji Lokalizacja
1SA.18863SA.188632010-04-27BSA
-3SA.18864SA.188642010-04-27BSA